Visualizzazione normale
Vista MARC
- Lorenzo, Anselmo,
di Personal Name
Records bibliografici associati: 1
001 - CONTROL NUMBER
- control field: 16871
003 - CONTROL NUMBER IDENTIFIER
- control field: IT-RoINE
005 - DATE AND TIME OF LATEST TRANSACTION
- control field: 20150220115521.0
008 - FIXED-LENGTH DATA ELEMENTS
- fixed length control field: 150220|| aca||aabn | a|a d
040 ## - CATALOGING SOURCE
- Original cataloging agency: IT-RoINE
- Transcribing agency: IT-RoINE
100 ## - HEADING--PERSONAL NAME
- Personal name: Lorenzo, Anselmo,
- Dates associated with a name: 1841-1914
670 ## - SOURCE DATA FOUND
- Source citation: Work cat.: (IT-RoINE)0: Lorenzo, Anselmo, 1841-1914, El proletariado militante /, 1974.